[Event "Cto Equipos Aragon 2012 Preferente B"]
[Site "Aragon"]
[Date "2012.02.04"]
[Round "1.68"]
[White "Gayan Carceller Miguel Angel"]
[Black "Martinez Crespo Juan"]
[Result "1/2-1/2"]
[WhiteElo "1909"]
[BlackElo "1867"]

1.d4 Nf6 2.c4 e6 3.Nf3 b6 4.g3 Bb7 5.Bg2 c5 6.O-O Be7 7.Nc3 O-O 8.d5 d6 9.e4
e5 10.Qc2 Nbd7 11.Nh4 Re8 12.Nf5 Nf8 13.Bg5 Bc8 14.Qe2 Bxf5 15.exf5 h6 16.Bxf6
Bxf6 17.Ne4 Nh7 18.h4 Rc8 19.Qh5 Be7 20.Bh3 Nf6 21.Nxf6+ Bxf6 22.Rae1 Re7 23.
Re4 Kh7 24.Rfe1 Rb8 25.Kg2 a6 26.Rh1 b5 27.b3 bxc4 28.Rxc4 1/2-1/2

[Event "Cto Equipos Aragon 2012 Preferente B"]
[Site "Aragon"]
[Date "2012.02.04"]
[Round "1.69"]
[White "Inglan Bielsa Fernando"]
[Black "Gimeno Oteo Marco Antonio"]
[Result "0-1"]
[WhiteElo "2094"]
[BlackElo "2110"]

1.e4 e5 2.Nf3 f5 3.Nxe5 Qf6 4.d4 d6 5.Nc4 fxe4 6.Nc3 Qg6 7.d5 Nf6 8.Qe2 Be7 9.
Ne3 O-O 10.Bd2 Ng4 11.Nxe4 Qxe4 12.Nxg4 Qxg4 13.Qxe7 Bd7 14.f3 Qa4 15.b3 Qd4
16.c3 Qc5 17.Be2 Re8 18.Qg5 Na6 19.Kf1 Re5 20.Qh4 Bf5 21.Qd4 Rae8 22.Bc4 b5
23.Qxc5 Nxc5 24.Bxb5 Bd3+ 25.Bxd3 Nxd3 26.g4 Re2 27.Bg5 {Rinden.} 0-1

[Event "Cto Equipos Aragon 2012 Preferente B"]
[Site "Aragon"]
[Date "2012.02.04"]
[Round "1.70"]
[White "Gutierrez Mingueza Ruben"]
[Black "Maza Broto Pablo"]
[Result "1/2-1/2"]
[WhiteElo "2074"]
[BlackElo "2084"]

1.d4 d5 2.c4 e6 3.Nc3 Nf6 4.Nf3 Be7 5.Bg5 c6 6.e3 Nbd7 7.Bd3 dxc4 8.Bxc4 b5 9.
Be2 Bb7 10.O-O O-O 11.Qc2 a6 12.Rfd1 Qc7 13.Ne4 c5 14.Nxf6+ Nxf6 15.Bd3 h6 16.
Bxf6 gxf6 17.Be4 Rac8 18.Bxb7 Qxb7 19.d5 f5 20.e4 Rcd8 21.exf5 Rxd5 22.fxe6 f5
23.Rxd5 Qxd5 24.a4 Rd8 25.axb5 axb5 26.Re1 c4 27.Qc1 Kh7 28.Qf4 Bf6 29.Qc7+
Bg7 30.Qf7 Rf8 31.Qh5 Qc6 32.e7 Re8 33.Qxf5+ Qg6 34.Qxb5 c3 35.bxc3 Bxc3 36.
Re6 Qxe6 37.Qxe8 Bf6 38.Qa4 Qxe7 39.Qc2+ Kg7 40.h3 Qb7 41.Qf5 Qc7 42.Qg4+
1/2-1/2

[Event "Cto Equipos Aragon 2012 Preferente B"]
[Site "Aragon"]
[Date "2012.02.04"]
[Round "1.71"]
[White "Rodriguez Leiva Manuel"]
[Black "Palomar Ramon Santiago"]
[Result "1-0"]
[WhiteElo "2046"]
[BlackElo "2029"]

1.c4 e6 2.Nc3 Nf6 3.Nf3 Bb4 4.g3 O-O 5.Bg2 d5 6.cxd5 exd5 7.O-O d4 8.Nb5 Nc6
9.d3 a6 10.Na3 Bxa3 11.bxa3 Ne7 12.Qc2 Be6 13.Bb2 Nf5 14.Ng5 Bd5 15.Ne4 Rc8
16.Qc5 c6 17.Nxf6+ gxf6 18.Bh3 b6 19.Qc1 Be6 20.Qf4 Ng7 21.Bg2 c5 22.e3 Bd5
23.exd4 Bxg2 24.Kxg2 Ne6 25.Qg4+ Kh8 26.dxc5 Rxc5 27.Qf3 Kg7 28.h4 Qd5 29.
Bxf6+ Kg6 30.Be7 Qxf3+ 31.Kxf3 Rf5+ 32.Kg2 Re8 33.Bb4 Rd8 34.Rad1 Rfd5 35.f4
f5 36.Rf3 Nc5 37.Bxc5 bxc5 38.Kf2 c4 39.Ke2 Kh5 40.Re3 Rxd3 41.Rdxd3 Rxd3 42.
Rxd3 cxd3+ 43.Kxd3 Kg4 44.Kd4 Kxg3 45.Ke5 h5 46.Kxf5 Kxh4 47.Kg6 Kg4 48.f5 h4
49.f6 h3 50.f7 h2 51.f8=Q h1=Q 52.Qc8+ Kf4 53.Qf5+ Ke3 54.Qc5+ Kd3 55.Qd6+ Kc3
56.Qb4+ Kc2 57.Qb3+ Kc1 58.Kf5 Qc6 59.a4 Qc5+ 60.Ke6 Qc6+ 61.Ke5 Qc7+ 62.Kd4
Qd7+ 63.Kc3 Qd2+ 64.Kc4 Qf4+ 65.Kd5 Qf5+ 66.Kc6 Qf6+ 67.Kb7 Kd2 68.a5 Qd6 69.
a3 Qd7+ 70.Kxa6 Qc6+ 71.Qb6 Qa8+ 72.Kb5 Qd5+ 73.Qc5 Qb7+ 74.Ka4 Kd1 75.Qd6+
Kc2 76.a6 Qb3+ 77.Ka5 Qc3+ 78.Kb6 Qb3+ 79.Kc7 Qf7+ 80.Qd7 Qf4+ 81.Kb7 1-0

[Event "Cto Equipos Aragon 2012 Preferente B"]
[Site "Aragon"]
[Date "2012.02.04"]
[Round "1.72"]
[White "Rubio Tello Abel"]
[Black "Salas Latorre Jose"]
[Result "1-0"]
[WhiteElo "1853"]
[BlackElo "1783"]

1.d4 d5 2.Nf3 Nf6 3.Bf4 e6 4.e3 Bd6 5.Bg3 Ne4 6.Bd3 Nxg3 7.hxg3 h6 8.Nbd2 Nd7
9.Qe2 Qe7 10.e4 dxe4 11.Nxe4 c5 12.Nxd6+ Qxd6 13.dxc5 Qxc5 14.Rh4 Qb6 15.O-O-O
O-O 16.g4 Nf6 17.Rdh1 Rd8 18.g5 Nd5 19.gxh6 Nb4 20.Kb1 Qa5 21.a3 Nxd3 22.cxd3
Qf5 23.hxg7 Kxg7 24.Ne5 Bd7 25.Rh7+ Kf8 26.Rxf7+ Qxf7 27.Nxf7 1-0

[Event "Cto Equipos Aragon 2012 Div. Honor A "]
[Site "Aragon"]
[Date "2012.02.11"]
[Round "2.1"]
[White "Valiente Roy Jose Javier"]
[Black "Lamas Mercadal Manuel"]
[Result "1/2-1/2"]
[WhiteElo "2005"]
[BlackElo "2202"]

1.d4 Nf6 2.Nf3 g6 3.Bg5 Bg7 4.Nbd2 O-O 5.c3 d6 6.e4 c5 7.dxc5 dxc5 8.Be2 Nc6
9.O-O Qc7 10.Qc2 Rd8 11.Rfd1 b6 12.Bxf6 Bxf6 13.Nc4 Bb7 14.Ne3 e6 15.Rxd8+
Rxd8 16.Rd1 Ne5 17.Nxe5 Rxd1+ 18.Bxd1 Bxe5 19.Ng4 Bg7 20.Be2 Qf4 21.f3 h5 22.
g3 Qc7 23.Nf2 h4 24.Kg2 a6 25.Qd2 b5 26.a3 hxg3 27.hxg3 f5 28.Qe3 c4 29.exf5
exf5 30.Qe8+ Kh7 31.Nh3 Bh6 32.Nf4 Bxf4 33.gxf4 Bc6 34.Qe6 Qd7 35.Qxd7+ Bxd7
36.Kg3 Kh6 37.Kh4 Bc6 38.Bd1 a5 39.Be2 Bd5 1/2-1/2

[Event "Cto Equipos Aragon 2012 Div. Honor A "]
[Site "Aragon"]
[Date "2012.02.11"]
[Round "2.2"]
[White "Llanes Luno Pedro Alfredo"]
[Black "Bach Guillamon Francisco"]
[Result "0-1"]
[WhiteElo "2148"]
[BlackElo "1996"]

1.e4 c6 2.d4 d5 3.e5 Bf5 4.Be3 h5 5.Nd2 g6 6.c4 e6 7.c5 Bh6 8.f4 Nd7 9.Ngf3
Bg4 10.h3 Bxf3 11.Nxf3 Bg7 12.Bd3 Nh6 13.Rg1 h4 14.Bf2 Nf5 15.b4 a6 16.a4 f6
17.Bxf5 gxf5 18.Bxh4 Qc7 19.exf6 Nxf6 20.Bxf6 Bxf6 21.Qe2 Kf7 22.Ne5+ Bxe5 23.
fxe5 Qe7 24.Ra3 Rag8 25.g4 Qh4+ 26.Kd1 Rg5 27.Rf3 Rhg8 28.Rgf1 Ke7 29.b5 R5g7
30.bxc6 fxg4 31.Qb2 gxf3 32.Qxb7+ Ke8 33.Qc8+ Kf7 34.Rxf3+ Kg6 35.Qxe6+ Kh7
36.Qxd5 Rd8 37.Rf4 Rg1+ 38.Ke2 Qe1+ 0-1

[Event "Cto Equipos Aragon 2012 Div. Honor A "]
[Site "Aragon"]
[Date "2012.02.11"]
[Round "2.3"]
[White "Munoz Suarez Luis Alberto"]
[Black "Roche Simon Manuel Angel"]
[Result "0-1"]
[WhiteElo "1994"]
[BlackElo "2134"]

1.e4 c5 2.Nf3 e6 3.d4 cxd4 4.Nxd4 a6 5.Nc3 Qc7 6.Be2 b5 7.Bf3 Bb7 8.O-O Nc6 9.
Re1 Ne5 10.Bf4 Nf6 11.Nd5 Nxd5 12.Bxe5 Qxe5 13.exd5 Qc7 14.Nf5 O-O-O 15.Ne3
Kb8 16.a4 Bc5 17.Qd3 Qb6 18.b4 Bxe3 19.Rxe3 Rc8 20.axb5 Qxb5 21.Qd4 Rxc2 22.
Be2 Qxd5 23.Qf4+ Rc7 24.Bf3 Qd2 25.Rd1 Qc2 26.Rxd7 Rc8 27.Red3 Qc1+ 28.Qxc1
Rxc1+ 29.Rd1 Bxf3 30.gxf3 Rxd1+ 31.Rxd1 Kc7 32.Kf1 Rb8 33.Rd4 e5 34.Rc4+ Kd6
35.Ke2 Rb5 36.f4 exf4 37.Rxf4 f5 38.h4 g6 39.Ke3 h6 40.Rd4+ Rd5 41.Rc4 g5 42.
Rc8 f4+ 43.Kf3 Ke5 44.Rc6 Kf5 45.Rxa6 g4+ 46.Ke2 f3+ 47.Ke1 Re5+ 48.Kf1 Re4
49.Rxh6 Rxb4 50.Ke1 Rb1+ 51.Kd2 Rf1 52.Ke3 Re1+ 53.Kd3 Re2 54.Rh5+ Kf4 55.Rh8
Rxf2 56.h5 Rh2 57.h6 f2 58.Ke2 Kg3 59.h7 Kg2 60.Rf8 g3 0-1

[Event "Cto Equipos Aragon 2012 Div. Honor A "]
[Site "Aragon"]
[Date "2012.02.11"]
[Round "2.4"]
[White "Elizalde Portal Jose Antonio"]
[Black "Serrano San Nicolas Angel"]
[Result "0-1"]
[WhiteElo "1822"]
[BlackElo "1959"]

1.e4 d5 2.exd5 Qxd5 3.Nf3 Nf6 4.d4 c6 5.c4 Qd6 6.Nc3 Bg4 7.Be2 Nbd7 8.O-O h6
9.Be3 e6 10.c5 Qc7 11.h3 Bf5 12.b4 Be7 13.Qd2 Ne4 14.Nxe4 Bxe4 15.Bf4 Qd8 16.
Qe3 Bxf3 17.Qxf3 Bg5 18.Bd6 Be7 19.Qg3 Bxd6 20.Qxg7 Qf6 21.Qxf6 Nxf6 22.cxd6
O-O-O 23.b5 Rxd6 24.bxc6 Rxc6 25.Bf3 Rc7 26.Rab1 Rd8 27.Rb4 Rcd7 28.Rfb1 b6
29.Rc1+ Kb8 30.Rcc4 Nd5 31.Rb3 Nf4 32.d5 Nxd5 33.a4 Ne7 34.a5 Rd6 35.axb6 Rxb6
36.Rbc3 Rc8 37.Rxc8+ Nxc8 38.Bh5 Nd6 39.Rf3 Rb7 40.Rf6 a5 41.Rxh6 a4 42.Bf3
Rb1+ 43.Kh2 a3 44.Rh8+ Nc8 45.Rh4 a2 46.Ra4 a1=Q 47.Rxa1 Rxa1 48.g4 Kc7 49.h4
f6 50.Be4 Nd6 51.Bg6 Kd7 52.h5 Ke7 53.Kg3 Ra6 0-1

[Event "Cto Equipos Aragon 2012 Div. Honor A "]
[Site "Aragon"]
[Date "2012.02.11"]
[Round "2.5"]
[White "Gavin Roche Enrique"]
[Black "Llorente Zaro Alfonso"]
[Result "0-1"]
[WhiteElo "2253"]
[BlackElo "2445"]

1.d4 d6 2.c4 e5 3.dxe5 dxe5 4.Qxd8+ Kxd8 5.Nc3 c6 6.b3 Be6 7.Bb2 Nd7 8.O-O-O
f6 9.e3 Kc7 10.Bd3 Ne7 11.Nf3 Nc8 12.Rhg1 Nc5 13.Bc2 a5 14.g4 a4 15.g5 Nd6 16.
gxf6 gxf6 17.Nd2 axb3 18.axb3 b5 19.b4 Na6 20.cxb5 Nxb4 21.bxc6 Nxc2 22.Kxc2
Kxc6 23.Ra1 Be7 24.Rxa8 Rxa8 25.Rg7 Bf8 26.Rg1 Bf7 27.Ra1 Rb8 28.Ra4 Bg6+ 29.
Kc1 Bd3 30.Ba3 Nb5 31.Bxf8 Nxc3 32.Ra3 Ne2+ 33.Kd1 e4 34.Bg7 f5 35.f3 Ng1 36.
Ke1 Rg8 37.fxe4 fxe4 38.Ra7 Nh3 39.Nf1 Rb8 40.Ng3 Ng5 41.Kd2 Rb3 42.Ra1 Nf3+
43.Kd1 Nxh2 44.Nf5 Rb7 45.Nd4+ Kd6 46.Bh6 Nf3 47.Bf4+ Kd5 48.Nxf3 exf3 49.Kd2
Bc4 50.Ra5+ Kc6 51.Bg3 Rb3 52.Re5 Ra3 53.e4 Rd3+ 54.Ke1 Ra3 55.Kf2 Be2 56.Re7
h5 57.Rc7+ Kb6 58.Rh7 Bd1 59.Rh6+ Kb7 60.Rxh5 Ra2+ 61.Kf1 Be2+ 62.Kf2 Bd1+ 63.
Kf1 Bc2 64.Kf2 Bxe4+ 65.Ke3 Re2+ 66.Kf4 Bc6 67.Rh2 $4 Rxh2 0-1

[Event "Cto Equipos Aragon 2012 Div. Honor A "]
[Site "Aragon"]
[Date "2012.02.11"]
[Round "2.6"]
[White "Ramon Perez Jose Luis"]
[Black "Laliena Solanes Luis"]
[Result "0-1"]
[WhiteElo "2234"]
[BlackElo "2181"]

1.e4 e6 2.d4 d5 3.Nc3 Bb4 4.e5 c5 5.Bd2 Nh6 6.a3 Bxc3 7.bxc3 Nc6 8.Nf3 c4 9.h4
Qa5 10.Qb1 Qa4 11.Ra2 b6 12.Rh3 Nf5 13.h5 h6 14.Be2 Bd7 15.g4 Nfe7 16.Nh4
O-O-O 17.f4 f6 18.Rf3 fxe5 19.fxe5 Rdf8 20.Kf2 Be8 21.Qf1 Rxf3+ 22.Bxf3 Rf8
23.Ke2 Qa6 24.Qg1 Qb7 25.Ra1 Qc7 26.Rf1 Rh8 27.Kd1 g6 28.Be2 g5 29.Ng2 b5 30.
Rf6 Bd7 31.Qf2 Qa5 32.Rf8+ Rxf8 33.Qxf8+ Kc7 34.Qxh6 Qxa3 35.Ke1 b4 36.cxb4
Qg3+ 37.Kf1 Nxd4 38.Qxg5 Nxe2 39.Qxe7 Qf3+ 40.Ke1 Qxg2 41.Qc5+ Kb7 42.Qf2 Qxg4
43.Qxe2 Qg1+ 44.Qf1 Qg3+ 45.Kd1 Be8 46.Qe2 Qg1+ 47.Be1 Qd4+ 48.Kc1 Qa1+ 49.Kd2
Qd4+ 50.Kc1 c3 51.Qd3 Qf4+ 52.Kb1 Qxb4+ 53.Kc1 Qb2+ 54.Kd1 Bxh5+ 0-1

[Event "Cto Equipos Aragon 2012 Div. Honor A "]
[Site "Aragon"]
[Date "2012.02.11"]
[Round "2.7"]
[White "Cobo Garrido Diego Israel"]
[Black "Remiro Juste Fernando Jose"]
[Result "1/2-1/2"]
[WhiteElo "2049"]
[BlackElo "2219"]

1.e4 Nf6 2.e5 Nd5 3.c4 Nb6 4.d4 d6 5.exd6 cxd6 6.Nc3 g6 7.Be3 Bg7 8.Rc1 O-O 9.
b3 Nc6 10.d5 Ne5 11.Be2 f5 12.f4 Ng4 13.Bd4 Nf6 14.Nf3 h6 15.O-O Kh7 16.Qd2
Bd7 17.Bd3 e6 18.dxe6 Bxe6 19.c5 dxc5 20.Bxc5 Re8 21.Rfd1 Nbd7 22.Bd4 a6 23.
Qb2 Qe7 24.Ne2 Rac8 25.Ne5 Nxe5 26.Bxe5 Ng4 27.Bxg7 Qxg7 28.Qxg7+ Kxg7 29.Rxc8
Rxc8 30.Nd4 Bf7 31.Nf3 Ne3 32.Re1 Re8 33.h3 Nd5 34.Rxe8 Bxe8 35.g3 b5 36.Kf2
Kf6 37.Nd4 Ke7 38.Kf3 Nb4 39.Bb1 Kd6 40.a3 Nd5 41.g4 fxg4+ 42.hxg4 a5 43.Bd3
Kc5 44.Ne6+ Kd6 45.Nd4 Kc5 46.Ne6+ Kd6 1/2-1/2

[Event "Cto Equipos Aragon 2012 Div. Honor A "]
[Site "Aragon"]
[Date "2012.02.11"]
[Round "2.8"]
[White "Delgado Salcedo Eduardo"]
[Black "Sanz Lopez Ruben"]
[Result "1-0"]
[WhiteElo "2174"]
[BlackElo "1945"]

1.c4 Nf6 2.Nc3 e6 3.e4 d6 4.d4 Be7 5.f4 c5 6.d5 exd5 7.cxd5 O-O 8.Nf3 Re8 9.
Bd3 a6 10.a4 Bg4 11.O-O Nbd7 12.Qc2 Bxf3 13.Rxf3 Qc7 14.Bc4 Bf8 15.b3 g6 16.
Bb2 Bg7 17.Raf1 Ng4 18.Nd1 Bxb2 19.Nxb2 Re7 20.Bd3 Rae8 21.h3 Ngf6 22.Nc4 Nxe4
23.f5 b5 24.axb5 axb5 25.fxg6 hxg6 26.Bxe4 Rxe4 27.Nd2 R4e7 28.Rxf7 Ne5 29.
R7f6 Kg7 30.Ne4 Rd8 31.Ng5 Rde8 32.Ne6+ Rxe6 33.dxe6 c4 34.Rf7+ Nxf7 35.Rxf7+
Qxf7 36.exf7 Kxf7 37.bxc4 bxc4 38.Qxc4+ Re6 39.h4 Kf6 40.Qd4+ Kf7 41.Kh2 Rf6
42.Kg3 Ke6 43.Qe4+ Kf7 44.Qd5+ Re6 45.Kf4 Ke7 46.Qb7+ Kf6 47.Qd7 Re4+ 48.Kxe4
d5+ 1-0

[Event "Cto Equipos Aragon 2012 Div. Honor A "]
[Site "Aragon"]
[Date "2012.02.11"]
[Round "2.9"]
[White "Adla Diego"]
[Black "Cifuentes Roberto"]
[Result "1-0"]
[WhiteElo "2499"]
[BlackElo "2523"]

1.d4 d5 2.c4 c6 3.Nc3 Nf6 4.e3 g6 5.Nf3 Bg7 6.Be2 O-O 7.O-O e6 8.Qc2 Nbd7 9.e4
Nxe4 10.Nxe4 dxe4 11.Qxe4 c5 12.Be3 cxd4 13.Bxd4 e5 14.Bc3 Qe7 15.Rfe1 f5 16.
Qd5+ Kh8 17.Rad1 e4 18.Bxg7+ Kxg7 19.Qd4+ Qf6 20.Qxf6+ Kxf6 21.Nd4 Nc5 22.f3
Rd8 23.fxe4 fxe4 24.Rf1+ Ke7 25.b3 a5 26.Kf2 a4 27.b4 Nd3+ 28.Bxd3 Rxd4 29.Be2
Rxd1 30.Rxd1 a3 31.Rd4 Ra4 32.c5 Be6 33.Bb5 Ra8 34.Rxe4 Kf6 35.Bc4 Bxc4 36.
Rxc4 Rd8 37.b5 Ke6 38.Ke3 Rf8 39.c6 Kd5 40.Kd3 bxc6 41.bxc6 h5 42.c7 Rc8 43.h4
Ke5 44.Kc3 Kd6 45.Kb4 Kd7 46.Rc3 1-0

[Event "Cto Equipos Aragon 2012 Div. Honor A "]
[Site "Aragon"]
[Date "2012.02.11"]
[Round "2.10"]
[White "Dauletova Parada Gulmira"]
[Black "Glavina Pablo"]
[Result "1-0"]
[WhiteElo "2283"]
[BlackElo "2457"]

1.e4 e5 2.Nf3 Nc6 3.Bb5 Bc5 4.O-O Qf6 5.Nc3 Nge7 6.Nd5 Nxd5 7.exd5 Nd4 8.Nxd4
Bxd4 9.c3 Bb6 10.d4 exd4 11.Re1+ Kd8 12.Qe2 c6 13.Bd3 d6 14.dxc6 bxc6 15.cxd4
Bxd4 16.Bd2 Be6 17.Be4 Rc8 18.Bb4 Ke7 19.Rac1 c5 20.Bc3 Rhd8 21.Bd5 Kf8 22.
Bxe6 fxe6 23.Rc2 Qf5 24.Rd2 e5 25.Qa6 Qf7 26.Ba5 Qxa2 27.b3 Qxb3 28.Bxd8 Rxd8
29.Rd3 Qb6 30.Qa2 d5 31.Rb1 Qg6 32.Rf3+ Ke7 33.Rb7+ Ke6 34.Qxa7 Rd7 35.Rb6+
Rd6 36.Rxd6+ Kxd6 37.Qb6+ Kd7 38.Qb7+ Ke6 39.Qb6+ Ke7 40.Qb7+ Ke6 41.h3 e4 42.
Qc6+ Ke7 43.Qc7+ Ke6 44.Qc6+ Ke7 45.Qb7+ Ke6 46.Ra3 Be5 47.Qc8+ 1-0

[Event "Cto Equipos Aragon 2012 Div. Honor A "]
[Site "Aragon"]
[Date "2012.02.11"]
[Round "2.11"]
[White "Lopez Gracia Fernando"]
[Black "Accattato Martin Mario"]
[Result "1-0"]
[WhiteElo "2336"]
[BlackElo "2190"]

1.Nf3 d6 2.d4 Nf6 3.c4 Nbd7 4.Nc3 e5 5.e4 c6 6.Be2 Be7 7.O-O O-O 8.Be3 a6 9.d5
cxd5 10.cxd5 b5 11.Nd2 Ne8 12.b4 Bg5 13.Bxg5 Qxg5 14.Nf3 Qg6 15.a4 bxa4 16.
Qxa4 Ndf6 17.Nh4 Qg5 18.g3 Bd7 19.Qa3 Bg4 20.Bxa6 Qh6 21.Qc1 g5 22.f3 Bh3 23.
Ng2 Nc7 24.b5 Rfb8 25.Qd2 Qg6 26.Rfe1 h5 27.Ne3 Kh8 28.Nc4 Nd7 29.Qe3 Nc5 30.
Nxe5 dxe5 31.Qxc5 Nxa6 32.bxa6 Rxa6 33.Rxa6 Qxa6 34.Qe7 Rc8 35.Qxg5 Qb6+ 36.
Qe3 Qb4 37.Nd1 Rc2 38.Nf2 Rc3 39.Qh6+ Kg8 40.Qg5+ Kf8 41.Nxh3 Rc2 42.Qd8+ Kg7
43.Qg5+ Kf8 44.Qe3 1-0

[Event "Cto Equipos Aragon 2012 Div. Honor A "]
[Site "Aragon"]
[Date "2012.02.11"]
[Round "2.12"]
[White "Abos Rosico Antonio"]
[Black "Moreno Gracia Daniel"]
[Result "0-1"]
[WhiteElo "2087"]
[BlackElo "2322"]

1.e4 d5 2.exd5 Qxd5 3.Nc3 Qd6 4.Nf3 Nf6 5.d4 c6 6.Bc4 Bg4 7.Be3 e6 8.Qe2 Nbd7
9.O-O-O Nb6 10.Bb3 a5 11.a4 Nbd5 12.Nxd5 cxd5 13.h3 Bxf3 14.Qxf3 Be7 15.Bf4
Qd7 16.Qe2 O-O 17.g4 b5 18.Qxb5 Qxb5 19.axb5 a4 20.Ba2 Ne4 21.Rh2 g5 22.Bc7
Bd6 23.Bxd6 Nxd6 24.h4 gxh4 25.Rxh4 Kg7 26.Rdh1 Rh8 27.b6 Rab8 28.c3 Rxb6 29.
f4 a3 30.bxa3 Nb5 31.Bb1 Nxc3 32.Rxh7+ Rxh7 33.Bxh7 Ne2+ 34.Kd2 Nxd4 35.Bd3 f6
36.Kc3 e5 37.fxe5 fxe5 38.Ra1 Rb3+ 39.Kd2 e4 40.Bc2 e3+ 41.Kd1 e2+ 42.Kd2 Rb2
43.Kc3 Nxc2 44.Rc1 Ra2 45.Kb3 Ra1 0-1

[Event "Cto Equipos Aragon 2012 Div. Honor A "]
[Site "Aragon"]
[Date "2012.02.11"]
[Round "2.13"]
[White "Hefty Hilardo Jorge W"]
[Black "Del Rey Diego"]
[Result "0-1"]
[WhiteElo "2329"]
[BlackElo "2371"]

1.d4 d5 2.c4 c6 3.Nf3 Nf6 4.Nc3 dxc4 5.e4 Bg4 6.Bxc4 e6 7.Be3 Nbd7 8.h3 Bh5 9.
Qe2 Bb4 10.Bd3 O-O 11.Qc2 Bxf3 12.gxf3 e5 13.dxe5 Nxe5 14.Be2 Qa5 15.Rg1 Rfe8
16.Rg5 h6 17.Rg2 Ng6 18.Qb3 Nh4 19.Rg1 Kf8 20.O-O-O Bc5 21.Bf4 Qb6 22.Qc2 Bxf2
23.Na4 Qa5 24.Rgf1 Bg3 25.Bxg3 Qg5+ 26.Kb1 Qxg3 27.Nc5 Re7 28.Rg1 Qf4 29.Nd3
Qe3 30.Rgf1 Ng6 31.Rfe1 Rd8 32.Nc5 Rxd1+ 33.Rxd1 Nf4 34.Rd8+ Re8 35.Rxe8+ Kxe8
36.Nxb7 Nxe2 37.Qxc6+ Kf8 38.Qc8+ Ne8 39.a3 Qg1+ 40.Ka2 Nc1+ 41.Kb1 Nd3+ 42.
Ka2 Qc1 43.Qxc1 Nxc1+ 44.Kb1 Nd3 45.Nd8 Nc7 46.b4 g5 47.Kc2 Ne5 48.Kb3 Ke8 0-1

[Event "Cto Equipos Aragon 2012 Div. Honor A "]
[Site "Aragon"]
[Date "2012.02.11"]
[Round "2.14"]
[White "Chueca Forcen Alberto"]
[Black "Martinez Cebolla Alberto"]
[Result "1-0"]
[WhiteElo "2350"]
[BlackElo "2081"]

1.d4 Nf6 2.Bg5 d5 3.Bxf6 gxf6 4.e3 e6 5.c4 c6 6.Nc3 f5 7.Nh3 Nd7 8.cxd5 cxd5
9.Bd3 Nf6 10.Rc1 a6 11.O-O Bg7 12.Qa4+ Bd7 13.Qb4 Bc6 14.Na4 Nd7 15.Nf4 Bf8
16.Qb3 Bd6 17.Be2 O-O 18.Nd3 Kh8 19.Nac5 Rg8 20.f4 Qb6 21.Qxb6 Nxb6 22.Ne5
Bxe5 23.fxe5 Nc4 24.Kf2 Nxb2 25.g3 Nc4 26.Bxc4 dxc4 27.Rb1 b5 28.Rfc1 Rgb8 29.
Ke1 Ra7 30.Rxc4 Bd5 31.Ra4 a5 32.Rb2 b4 33.Nb3 Rba8 34.Rc2 Ra6 35.Rc5 Bxb3 36.
axb3 Kg7 37.Ke2 Kf8 38.Kd3 R6a7 39.Kc4 Ke7 40.Rc6 f6 41.exf6+ Kxf6 42.d5 Re7
43.Kb5 Ke5 44.Rxe6+ Rxe6 45.dxe6 Kxe6 46.Rxa5 Rd8 47.Ra7 h5 48.Rh7 Rd3 49.Kxb4
Rxe3 50.Rxh5 Kf6 51.Kc4 Kg6 52.Rh4 Kg5 53.b4 1-0

[Event "Cto Equipos Aragon 2012 Div. Honor A "]
[Site "Aragon"]
[Date "2012.02.11"]
[Round "2.15"]
[White "Jimenez Fernandez Alejandro"]
[Black "Hernando Garcia Antonio"]
[Result "1-0"]
[WhiteElo "1980"]
[BlackElo "2219"]

1.d4 d5 2.c4 e6 3.Nc3 Nf6 4.cxd5 exd5 5.Bg5 c6 6.Qc2 Be7 7.e3 O-O 8.Bd3 Nbd7
9.Nf3 Re8 10.O-O Nf8 11.Rab1 Ng6 12.b4 a6 13.a4 Ne4 14.Bxe7 Qxe7 15.b5 axb5
16.axb5 Bg4 17.Bxe4 dxe4 18.Nd2 f5 19.bxc6 bxc6 20.Qb3+ Kh8 21.h3 Bh5 22.Qb7
Qe6 23.Rb6 Ne7 24.Nb5 Rab8 25.Qxb8 Rxb8 26.Rxb8+ Ng8 27.Nc3 g5 28.Ra1 Kg7 29.
Ra7+ Kh6 30.Rb6 Nf6 31.Raa6 Be8 32.Na4 Qa2 33.Nb2 Qe6 34.Nbc4 Nd5 35.Rb8 f4
36.Ne5 fxe3 37.Ng4+ Kg6 38.fxe3 h5 39.Ne5+ Kf6 40.Nxe4+ Kf5 41.Rxe8 1-0

[Event "Cto Equipos Aragon 2012 Div. Honor A "]
[Site "Aragon"]
[Date "2012.02.11"]
[Round "2.16"]
[White "Palacios Latasa Elias"]
[Black "Ramos Sanchez Martin"]
[Result "1-0"]
[WhiteElo "2211"]
[BlackElo "1846"]

1.e4 e6 2.d4 d5 3.e5 c5 4.c3 Qb6 5.Nf3 Nc6 6.Bd3 cxd4 7.cxd4 Bd7 8.O-O Nxd4 9.
Nbd2 Nc6 10.Nb3 Nge7 11.Be3 Qc7 12.Rc1 Ng6 13.Nc5 Bxc5 14.Bxc5 Qd8 15.Re1 Nce7
16.Rc3 O-O 17.Qc2 Re8 18.Nd4 a6 19.Bd6 Nc6 20.Nf3 Rc8 21.h4 d4 22.Rc4 b5 23.
Rc5 Qa5 24.h5 Nf8 25.a3 h6 26.Qe2 Qa4 27.Qe4 Ne7 28.Rxc8 Bxc8 29.Rc1 Nf5 30.
Bb4 Qb3 31.g4 Bb7 32.Qxb7 Qxd3 33.gxf5 Qxf5 34.Bxf8 Rxf8 35.Rc8 Rxc8 36.Qxc8+
Kh7 37.Qc6 Qxh5 38.Qe4+ Qg6+ 39.Qxg6+ Kxg6 40.Nxd4 Kg5 41.Kg2 Kf4 42.Nc6 h5
43.Nb4 Kxe5 44.Nxa6 Kd4 45.Nc7 Kc4 46.b3+ Kxb3 47.Nxb5 Ka4 48.Nd6 f5 49.f4
Kxa3 50.Ne8 1-0

[Event "Cto Equipos Aragon 2012 Div. Honor B "]
[Site "Aragon"]
[Date "2012.02.11"]
[Round "2.17"]
[White "Antoli Royo Joaquin Miguel"]
[Black "Del Corral Abancens Alfonso"]
[Result "1-0"]
[WhiteElo "2410"]
[BlackElo "1935"]

1.e4 e5 2.Bc4 Nf6 3.d3 Be7 4.Nc3 O-O 5.f4 d6 6.Nf3 Bg4 7.O-O Nc6 8.h3 Bxf3 9.
Qxf3 Nd4 10.Qd1 c6 11.a4 Qc7 12.fxe5 dxe5 13.Ne2 b5 14.Ba2 Bc5 15.Nxd4 Bxd4+
16.Kh1 Rad8 17.Bg5 Rd6 18.Bxf6 Rxf6 19.Rxf6 gxf6 20.Qh5 Qb6 21.Rf1 bxa4 22.
Rxf6 Qxb2 23.Rxf7 1-0

[Event "Cto Equipos Aragon 2012 Div. Honor B "]
[Site "Aragon"]
[Date "2012.02.11"]
[Round "2.18"]
[White "Munoz Bornao Miguel Angel"]
[Black "Garza Marco Sergio"]
[Result "0-1"]
[WhiteElo "1788"]
[BlackElo "2394"]

1.e4 d6 2.d4 Nf6 3.Nc3 g6 4.f4 Bg7 5.Nf3 O-O 6.Bd3 Na6 7.O-O c5 8.d5 Bg4 9.Be3
Rb8 10.h3 Bxf3 11.Qxf3 Nb4 12.Rad1 Nd7 13.a3 Nxd3 14.Rxd3 b5 15.Nd1 Qc7 16.c3
a5 17.b4 Ra8 18.bxc5 Nxc5 19.Rd2 f5 20.exf5 Rxf5 21.Bd4 Nb3 22.Rd3 Nxd4 23.
cxd4 Qc4 24.Qe4 Qxd5 25.Qxe7 Rf7 26.Qe3 b4 27.axb4 axb4 28.Kh1 Ra2 29.Nf2 h6
30.Rb1 Rc7 31.Rd2 Rxd2 32.Qxd2 Qxd4 33.Qxb4 Rc1+ 34.Kh2 Rxb1 0-1

[Event "Cto Equipos Aragon 2012 Div. Honor B "]
[Site "Aragon"]
[Date "2012.02.11"]
[Round "2.19"]
[White "Fontana Sotomayor Luis Javier"]
[Black "Ballonga Arruebo Alejandro"]
[Result "1-0"]
[WhiteElo "2345"]
[BlackElo "1704"]

1.e4 e6 2.d3 b6 3.g3 Bb7 4.Bg2 f5 5.Nd2 Nf6 6.Ngf3 fxe4 7.dxe4 Nxe4 8.Nh4 Nxf2
9.Qh5+ g6 10.Nxg6 Bxg2 11.Ne5+ Ke7 12.Ndc4 1-0

[Event "Cto Equipos Aragon 2012 Div. Honor B "]
[Site "Aragon"]
[Date "2012.02.11"]
[Round "2.20"]
[White "Santos Hernandez Higinio"]
[Black "Ramiro Ovejero Juan Luis"]
[Result "0-1"]
[WhiteElo "1616"]
[BlackElo "2303"]

1.d4 Nf6 2.Nf3 c5 3.e3 g6 4.c3 Bg7 5.Bd3 O-O 6.Nbd2 d6 7.O-O Nc6 8.Qe2 a6 9.
dxc5 dxc5 10.e4 b5 11.e5 Nd5 12.Ne4 c4 13.Bc2 Bg4 14.Rd1 Nxe5 15.Ng3 Bxf3 16.
gxf3 e6 17.Be4 Qh4 18.Kg2 Rad8 19.f4 Nxf4+ 20.Bxf4 Qxf4 21.f3 h5 22.Qf2 f5 23.
Bb7 Nd3 24.Qb6 Rd6 25.Qa5 h4 26.Ne2 Qe3 27.Ng1 Qf2+ 28.Kh3 Nf4# 0-1

[Event "Cto Equipos Aragon 2012 Div. Honor B "]
[Site "Aragon"]
[Date "2012.02.11"]
[Round "2.21"]
[White "Villuendas Valero Adrian"]
[Black "Romon Poves Raul"]
[Result "1-0"]
[WhiteElo "2287"]
[BlackElo "2296"]

1.d4 d6 2.e4 Nf6 3.Nc3 e5 4.dxe5 dxe5 5.Qxd8+ Kxd8 6.Bg5 Bd6 7.O-O-O Nd7 8.f3
a6 9.Nd5 Ke8 10.Nxf6+ Nxf6 11.Bc4 Rb8 12.Ne2 Nd7 13.Ng3 h6 14.Bd2 g6 15.Nf1
Nc5 16.Ne3 b5 17.Bd5 Bd7 18.Bb4 Rd8 19.a3 Be7 20.Kb1 c6 21.Ba2 h5 22.Ba5 Rc8
23.b4 Ne6 24.Rd3 c5 25.Rhd1 Bc6 26.Bxe6 fxe6 27.bxc5 Kf7 28.Bb6 Ra8 29.c3 Rhc8
30.Kb2 Be8 31.Nc2 a5 32.Na1 Bxc5 33.Bxc5 Rxc5 34.Rd8 Ra7 35.Nb3 Rc4 36.Rb8
Rac7 37.Rd3 a4 38.Na5 Rc8 39.Nxc4 Rxb8 40.Nxe5+ Kf6 41.f4 g5 42.g3 h4 43.Ng4+
Kg6 44.Rd6 hxg3 45.hxg3 gxf4 46.gxf4 Kf7 47.Ne5+ Kf6 48.Kc2 Rb7 49.Rd8 Bh5 50.
Rh8 Be2 51.Rh6+ Kg7 52.Rxe6 Bc4 53.Rc6 Bf1 54.f5 Bg2 55.Rg6+ 1-0

[Event "Cto Equipos Aragon 2012 Div. Honor B "]
[Site "Aragon"]
[Date "2012.02.11"]
[Round "2.22"]
[White "Carraminana Lopez Luis Antonio"]
[Black "Colom Sienes Eduardo"]
[Result "1-0"]
[WhiteElo "2047"]
[BlackElo "2032"]

1.e4 e6 2.d3 d5 3.Qe2 Ne7 4.Nf3 c5 5.g3 g6 6.Bg2 Bg7 7.O-O O-O 8.c3 Nbc6 9.e5
b5 10.Na3 b4 11.Nc2 bxc3 12.bxc3 Rb8 13.Bf4 Qa5 14.Rfc1 Rb2 15.Qd2 Ba6 16.Bh6
Nxe5 17.Nxe5 Bxe5 18.Bxf8 Bxc3 19.Qf4 Kxf8 20.Rab1 Bxd3 21.Rxb2 Bxb2 22.Qb8+
Nc8 23.Qxb2 Qd2 24.Bf1 Be4 25.Qa3 Kg7 26.Qxc5 Qxc1 27.Qc3+ f6 28.Qxc8 Qxc2 29.
Qd7+ Kh6 30.Qxe6 f5 31.Qe7 Qd1 32.h4 Qc1 33.Qf8+ Kh5 34.Qf7 h6 35.Qc7 Qxc7 36.
Be2+ 1-0

[Event "Cto Equipos Aragon 2012 Div. Honor B "]
[Site "Aragon"]
[Date "2012.02.11"]
[Round "2.23"]
[White "Sanmartin Agustin Alvaro"]
[Black "Gil Capape Marco Antonio"]
[Result "0-1"]
[WhiteElo "2026"]
[BlackElo "2059"]

1.e3 e5 2.c4 Nc6 3.a3 g6 4.Nc3 Bg7 5.Nge2 Nf6 6.g3 O-O 7.Bg2 d6 8.O-O Bf5 9.d3
Qd7 10.Re1 Rad8 11.Rb1 Bh3 12.Bh1 Ne7 13.Qa4 Qf5 14.Qxa7 Ra8 15.e4 Qc8 16.Qe3
Ng4 17.Qg5 f5 18.Qxe7 Bf6 19.Nd5 Rf7 20.Nb6 cxb6 21.Qxd6 Be7 22.Qd5 Ra5 23.
Qxf7+ Kxf7 24.b4 Ra8 25.Nc3 Qd8 26.Nd5 Nf6 27.exf5 Bxf5 28.Nxf6 Bxf6 29.Bxb7
Ra7 30.Bd5+ Kg7 31.Be3 Bxd3 32.Rbd1 Rxa3 33.Ra1 Rxa1 34.Rxa1 Qc7 35.Ra8 Bd8
36.c5 Qd7 37.Bb3 Be4 38.Ra2 Bf3 39.Bc4 Qd1+ 40.Bf1 Qb1 41.Ra7+ Kf6 42.Rd7 Be2
43.h4 Qxf1+ 44.Kh2 Bf3 45.Bg5+ Kf5 0-1